Las Intermitencias de la muerte (Registro nro. 15933)

000 -CABECERA
campo de control de longitud fija 02038nam a22002537a 4500
003 - IDENTIFICADOR DEL NÚMERO DE CONTROL
campo de control OSt
005 - FECHA Y HORA DE LA ÚLTIMA TRANSACCIÓN
campo de control 20250507145501.0
008 - DATOS DE LONGITUD FIJA--INFORMACIÓN GENERAL
campo de control de longitud fija 250507b ||||| |||| 00| 0 spa d
020 ## - NÚMERO INTERNACIONAL ESTÁNDAR DEL LIBRO
Número Internacional Estándar del Libro 9786287525665
040 ## - FUENTE DE LA CATALOGACIÓN
Centro/agencia transcriptor CO-Mq BPB
041 ## - CÓDIGO DE LENGUA
Código de lengua del texto/banda sonora o título independiente spa
082 ## - NÚMERO DE LA CLASIFICACIÓN DECIMAL DEWEY
Número de clasificación AN
Número de documento/Ítem SARi
100 ## - ENTRADA PRINCIPAL--NOMBRE DE PERSONA
Nombre de persona Saramago, José
Fechas asociadas al nombre 1922-2010
Término indicativo de función/relación autor
245 ## - MENCIÓN DE TÍTULO
Título Las Intermitencias de la muerte
264 ## - PRODUCCIÓN, PUBLICACIÓN, DISTRIBUCIÓN, FABRICACIÓN Y COPYRIGHT
Producción, publicación, distribución, fabricación y copyright Bogotá;
Nombre del de productor, editor, distribuidor, fabricante Alfaguara,
Fecha de producción, publicación, distribución, fabricación o copyright 2022
300 ## - DESCRIPCIÓN FÍSICA
Extensión 267 páginas;
Otras características físicas Tapa rustica
Dimensiones 24 cm
490 ## - MENCIÓN DE SERIE
Mención de serie Premio Nobel de Literatura
521 ## - NOTA DE PÚBLICO DESTINATARIO
Nota de público destinatario En un país cuyo nombre no será mencionado se produce algo nunca visto desde el principio del mundo: la muerte decide suspender su trabajo letal, la gente deja de morir. La euforia colectiva se desata, pero muy pronto dará paso a la desesperación y al caos. Sobran los motivos. Si es cierto que las personas ya no mueren, eso no significa que el tiempo haya parado. El destino de los humanos será una vejez eterna. Se buscarán maneras de forzar a la muerte a matar, se corromperán las conciencias en los «acuerdos de caballeros» entre el poder político, las mafias y las familias, los ancianos serán detestados por haberse convertido en estorbos inamovibles. Hasta el día en que la muerte, vestida de mujer, vuelve para descifrar un enigma, se encuentra con un músico, oye un concierto, establece una relación, escucha de nuevo a Bach... Entonces la novela sigue como sigue la vida, con todas sus contradicciones. Arrancando de una proposición contraria a la evidencia de los hechos corrientes, José Saramago desarrolla una narrativa de gran fecundidad literaria, social y filosófica que sitúa en el centro la perplejidad del ser humano ante la impostergable finitud de la existencia. Parábola de la corta distancia que separa lo efímero y lo eterno, la historia bien podría terminar tal como empieza: «Al día siguiente no murió nadie».
650 ## - PUNTO DE ACCESO ADICIONAL DE MATERIA--TÉRMINO DE MATERIA
Término de materia o nombre geográfico como elemento de entrada Narrativa internacional
650 ## - PUNTO DE ACCESO ADICIONAL DE MATERIA--TÉRMINO DE MATERIA
Término de materia o nombre geográfico como elemento de entrada Ficción literaria
650 ## - PUNTO DE ACCESO ADICIONAL DE MATERIA--TÉRMINO DE MATERIA
Término de materia o nombre geográfico como elemento de entrada Literatura
700 ## - PUNTO DE ACCESO ADICIONAL--NOMBRE DE PERSONA
Nombre de persona Del Rio, Pilar
Término indicativo de función/relación traductora
942 ## - ELEMENTOS DE PUNTO DE ACCESO ADICIONAL (KOHA)
Fuente del sistema de clasificación o colocación
Tipo de ítem Koha Libro Literatura
Existencias
Estado de retiro Estado de pérdida Fuente del sistema de clasificación o colocación Estado dañado No para préstamo Código de colección Localización permanente Ubicación/localización actual Ubicación en estantería Fecha de adquisición Fuente de adquisición Número de inventario Total de préstamos Signatura topográfica completa Código de barras Fecha visto por última vez Fecha del último préstamo Número de copia Precio válido a partir de Tipo de ítem Koha Nota pública Renovaciones totales
          Literatura Adulto Biblioteca Pública San Juan Bosco Biblioteca Pública San Juan Bosco Literatura 07/05/2025 Compra 2024 NT 3 AN SARi MOS504395 10/11/2025 20/10/2025 Ej.1 07/05/2025 Libro Literatura Quince dias  
          Literatura Adulto Biblioteca Pública San Juan Bosco Biblioteca Pública San Juan Bosco Literatura 07/05/2025 Compra 2024 NT 2 AN SARi MOS504396 18/12/2025 02/10/2025 Ej.2 07/05/2025 Libro Literatura Quince dias 1

© Todos los derechos reservados para la Biblioteca Pública Municipal San Juan Bosco, 2020
Secretaria de Cultura de Mosquera
Carrera 3 N° 10 Esquina Centro Cultural Barrio El Carmén Teléfono: 8270830 Ext: 34
Funcionando con KOHA
Contacto: Biblioteca Pública Municipal San Juan Bosco/ bibliotecasanjuanbosco@mosquera-cundinamarca.gov.co
Mosquera, Cundinamarca